Represión y reconstrucción de una cultura (Record no. 8970)

MARC details
000 -LEADER
campo de control de longitud fija 01552nmc a2200565 a 4500
003 - IDENTIFICADOR DE NÚMERO DE CONTROL
campo de control AR-BaBNM
005 - FECHA Y HORA DE LA ÚLTIMA TRANSACCIÓN
campo de control 20251128204828.0
008 - DATOS DE LONGITUD FIJA--INFORMACIÓN GENERAL
campo de control de longitud fija 136019s1988 ||||||||||||||000 | spa||
020 ## - NÚMERO INTERNACIONAL ESTÁNDAR DEL LIBRO
Número Internacional Estándar del Libro 950-23-0406-3
040 ## - FUENTE DE CATALOGACIÓN
Centro/agencia transcriptor AR-BaBNM
245 10 - MENCIÓN DEL TÍTULO
Título Represión y reconstrucción de una cultura
Resto del título el caso argentino
250 ## - MENCION DE EDICION
Mención de edición 1ª ed.
260 ## - PUBLICACIÓN, DISTRIBUCIÓN, ETC.
Lugar de publicación, distribución, etc. Buenos Aires
Nombre del editor, distribuidor, etc. Eudeba
Fecha de publicación, distribución, etc. 1988
300 0# - DESCRIPCIÓN FÍSICA
Extensión 241 p.
490 #0 - MENCIÓN DE SERIE
Mención de serie Temas
500 0# - NOTA GENERAL
Nota general Contiene breve reseña biográfica de los participantes en p. 233-238
500 0# - NOTA GENERAL
Nota general El texto recoge las intervenciones de 1984 en la Universidad de Maryland
585 ## - NOTA DE EXPOSICIONES
Nota de exposiciones Expuesto en: Feria del Libro 2006
650 #4 - PUNTO DE ACCESO ADICIONAL DE MATERIA--TÉRMINO DE MATERIA
Término de materia o nombre geográfico como elemento de entrada HISTORIA ARGENTINA
650 #4 - PUNTO DE ACCESO ADICIONAL DE MATERIA--TÉRMINO DE MATERIA
Término de materia o nombre geográfico como elemento de entrada DEMOCRACIA
650 #4 - PUNTO DE ACCESO ADICIONAL DE MATERIA--TÉRMINO DE MATERIA
Término de materia o nombre geográfico como elemento de entrada AUTORITARISMO
650 #4 - PUNTO DE ACCESO ADICIONAL DE MATERIA--TÉRMINO DE MATERIA
Término de materia o nombre geográfico como elemento de entrada ESTADO
650 #4 - PUNTO DE ACCESO ADICIONAL DE MATERIA--TÉRMINO DE MATERIA
Término de materia o nombre geográfico como elemento de entrada PODER
650 #4 - PUNTO DE ACCESO ADICIONAL DE MATERIA--TÉRMINO DE MATERIA
Término de materia o nombre geográfico como elemento de entrada GOBIERNO
650 #4 - PUNTO DE ACCESO ADICIONAL DE MATERIA--TÉRMINO DE MATERIA
Término de materia o nombre geográfico como elemento de entrada LIBERTAD
650 #4 - PUNTO DE ACCESO ADICIONAL DE MATERIA--TÉRMINO DE MATERIA
Término de materia o nombre geográfico como elemento de entrada LIBERALISMO
650 #4 - PUNTO DE ACCESO ADICIONAL DE MATERIA--TÉRMINO DE MATERIA
Término de materia o nombre geográfico como elemento de entrada IDEOLOGIAS
650 #4 - PUNTO DE ACCESO ADICIONAL DE MATERIA--TÉRMINO DE MATERIA
Término de materia o nombre geográfico como elemento de entrada PERIODISMO
650 #4 - PUNTO DE ACCESO ADICIONAL DE MATERIA--TÉRMINO DE MATERIA
Término de materia o nombre geográfico como elemento de entrada ESCRITORES
650 #4 - PUNTO DE ACCESO ADICIONAL DE MATERIA--TÉRMINO DE MATERIA
Término de materia o nombre geográfico como elemento de entrada EXILIO
650 #4 - PUNTO DE ACCESO ADICIONAL DE MATERIA--TÉRMINO DE MATERIA
Término de materia o nombre geográfico como elemento de entrada CASTIGO
650 #4 - PUNTO DE ACCESO ADICIONAL DE MATERIA--TÉRMINO DE MATERIA
Término de materia o nombre geográfico como elemento de entrada GUERRA
650 #4 - PUNTO DE ACCESO ADICIONAL DE MATERIA--TÉRMINO DE MATERIA
Término de materia o nombre geográfico como elemento de entrada ANALISIS HISTORICO
650 #4 - PUNTO DE ACCESO ADICIONAL DE MATERIA--TÉRMINO DE MATERIA
Término de materia o nombre geográfico como elemento de entrada LITERATURA
651 #4 - PUNTO DE ACCESO ADICIONAL DE MATERIA--NOMBRE GEOGRÁFICO
Nombre geográfico Chile
651 #4 - PUNTO DE ACCESO ADICIONAL DE MATERIA--NOMBRE GEOGRÁFICO
Nombre geográfico Argentina
653 #0 - TÉRMINO DE INDIZACIÓN--NO CONTROLADO
Término no controlado DICTADURA MILITAR 1976-1983
700 1# - ENTRADA AGREGADA--NOMBRE PERSONAL
Nombre de persona Sosnowski, Saúl
Término indicativo de función/relación compilador
700 1# - ENTRADA AGREGADA--NOMBRE PERSONAL
Nombre de persona Bayer, Osvaldo
700 1# - ENTRADA AGREGADA--NOMBRE PERSONAL
Nombre de persona Feinmann, José Pablo
700 1# - ENTRADA AGREGADA--NOMBRE PERSONAL
Nombre de persona Gregorich, Luis
700 1# - ENTRADA AGREGADA--NOMBRE PERSONAL
Nombre de persona Halperín Donghi, Tulio
700 1# - ENTRADA AGREGADA--NOMBRE PERSONAL
Nombre de persona Heker, Liliana
700 1# - ENTRADA AGREGADA--NOMBRE PERSONAL
Nombre de persona Kovadloff, Santiago
700 1# - ENTRADA AGREGADA--NOMBRE PERSONAL
Nombre de persona Eloy Martínez, Tomás
700 1# - ENTRADA AGREGADA--NOMBRE PERSONAL
Nombre de persona Peralta Ramos, Mónica
700 1# - ENTRADA AGREGADA--NOMBRE PERSONAL
Nombre de persona Sarlo, Beatriz
942 ## - ELEMENTOS DE ENTRADA SECUNDARIOS (KOHA)
Tipo de ítem Koha Libros
998 ## - INFORMACIÓN DE CONTROL LOCAL (RLIN)
Iniciales del catalogador, CIN (RLIN) Enrique
Holdings
Estatus retirado Estado de pérdida Fuente de la clasificación o esquema de estantería Estado de daño No para préstamo Biblioteca de origen Biblioteca actual Fecha de adquisición Total de préstamos Signatura topográfica completa Código de barras Visto por última vez Precio de reemplazo Tipo de ítem Koha
    Clasificación Decimal Dewey     Liberty Liberty 28/11/2025   982.07 SOS 099214 28/11/2025 28/11/2025 Libros
    Clasificación Decimal Dewey     Liberty Liberty 28/11/2025   982.07 SOS 099215 28/11/2025 28/11/2025 Libros